LDR 01026nam a2200241 i 4500 001 000000130270 003 CaOOAMICUS 005 20260605122653.0 008 041105s2001 it u000 u ita u 020 $a88-420-6423-8 040 $aSeMil$bita 245 10$aRoma del Rinascimento /$cS. Andreatta ... [et al.] ; a cura di Antonio Pinelli. 300 $aXL, 459 p., [28] c. di tav. 650 4$aRoma - Storia - Rinascimento.$0(OLS)http://semarc/subject/60419 700 1 $aAndreatta, Stefano.$0(OLS)http://semarc/name/53887 700 1 $aPinelli, Antonio.$0(OLS)http://semarc/name/5725 773 0 $tStoria di Roma dall'antichità a oggi.$dRoma ; Bari : Laterza & Figli, 1999-2002.$kStoria e società$w()12385 850 $aSeMil 852 $aSeMil$W1$xVenegono$y1$m3S II 112$j272970$B84326$CSeMilBibl$Z2$F88701 $81 961 $aAcquisto: Laterza (Agente) 996 $6020$a88-420-6423-8$9(OLS)http://semarc/number/117153 996 $6245$aRoma del Rinascimento$9(OLS)http://semarc/title/191971